|
|
|
|
| LEADER |
00688nta a2200169 i 4500 |
| 001 |
dipl69698 |
| 005 |
20180718083454.0 |
| 008 |
180718s2017 hu om 0|| zxx d |
| 040 |
|
|
|a SZTE Diploma Repozitórium
|b hun
|
| 041 |
|
|
|a zxx
|
| 100 |
1 |
|
|a Szőlősi Tivadar
|
| 245 |
1 |
2 |
|a A külföldi hallgatók helyzete a magyar felsőoktatásban
|h [elektronikus dokumentum] /
|c Tivadar Szőlősi
|
| 246 |
1 |
0 |
|a The situation of foreign students in Hungarian universities
|h [elektronikus dokumentum]
|
| 260 |
|
|
|c 2017
|
| 650 |
|
4 |
|a Bölcsészettudományok
|
| 700 |
1 |
|
|a Nagy Terézia
|e ths
|
| 856 |
4 |
0 |
|u http://diploma.bibl.u-szeged.hu/id/eprint/69698/1/2016_Sz%C5%91l%C5%91si_Tivadar_H8Q9GQ_SZ.pdf
|z Dokumentum-elérés
|